| 000 | 01150nam a22002897a 4500 | ||
|---|---|---|---|
| 005 | 20121205115313.0 | ||
| 008 | 090408t xxu||||| |||| 00| 0 hin d | ||
| 010 | _aHIN-97575 | ||
| 020 |
_c150.00 _a9788192020006 |
||
| 035 | _aHN-69921 | ||
| 037 | _bDBAD / PUB | ||
| 040 |
_aDPL _bHN |
||
| 082 | _aक | ||
| 100 |
_927482 _aप्रेमचन्द |
||
| 245 |
_aश्रेष्ठ कहानियां / _cप्रेमचन्द |
||
| 246 |
_aSerestha Kahaniyan _bby Premchand |
||
| 260 |
_bयुव प्रकाशनी _c2010 _aकोलकाता |
||
| 270 |
_a206, विधान सरणी, श्रीमानी बाजार _bकोलकाता _e700006 |
||
| 300 | 1 |
_a169पृ. _c22सेमी (सजिल्द) |
|
| 650 |
_91169 _aलघु कथाएँ, हिन्दी |
||
| 650 |
_954059 _aShort Stories |
||
| 700 | _927483 | ||
| 710 | _952094 | ||
| 711 | _952444 | ||
| 942 |
_adpl _cHN _2ddc _mप्रेमच _hक |
||
| 999 |
_c71865 _d71865 |
||